000
00299nam a2200121Ia 4500
008
190216s9999||||xx |||||||||||||| ||und||
100
_a
Sachdeva T N&Amp; Sachadev Sk
245
0
_a
Economics Of Development
260
_b
Sudha Pubs Pvt Ltd
_c
1975
300
_a
413p
650
_a
Commerce
942
_c
BK
999
_c
3988
_d
3988